Normal view
MARC view
- Deepa Narayan,
Entry Personal Name
001 - CONTROL NUMBER
- control field: 7709
003 - CONTROL NUMBER IDENTIFIER
- control field: OSt
005 - DATE AND TIME OF LATEST TRANSACTION
- control field: 20250812152342.0
008 - FIXED-LENGTH DATA ELEMENTS
- fixed length control field: 250812|| aca||aabn | a|a d
040 ## - CATALOGING SOURCE
- Original cataloging agency: OSt
- Transcribing agency: OSt
100 ## - HEADING--PERSONAL NAME
- Personal name: Deepa Narayan,
670 ## - SOURCE DATA FOUND
- Source citation: Work cat.: (OSt)3230: Deepa Narayan, ., Participatory evaluation / , 1993.
